Análisis funcional y geométrico de la sección de la Ruta Nacional 27, carretera San José - Caldera, entre los cruces de Santa Ana y Guachipelín
Guardat en:
| Autor principal: | |
|---|---|
| Format: | Llibre |
| Idioma: | Spanish |
| Publicat: |
[San José], Costa Rica
2013
|
| Matèries: |
CARRETERA SAN JOSE-CALDERA - MANTENIMIENTO Y REPARACION
> CARRETERA SAN JOSE-CALDERA - DISEÑO Y CONSTRUCCION
> CAMINOS - INTERCAMBIOS E INTERSECCIONES - SANTA ANA (SAN JOSE, COSTA RICA)
> CAMINOS - INTERCAMBIOS E INTERSECCIONES - GUACHIPELIN (SAN JOSE, COSTA RICA)
> FLUJO DE TRAFICO
> PEATONES - MEDIDAS DE SEGURIDAD
> ACCIDENTES DE TRANSITO - PREVENCION
> SEGURIDAD VIAL
|
| Etiquetes: |
Afegir etiqueta
Sense etiquetes, Sigues el primer a etiquetar aquest registre!
|
MARC
| LEADER | 00000nam a22000007a 4500 | ||
|---|---|---|---|
| 003 | 011871 | ||
| 005 | 20221231143903.0 | ||
| 008 | 150318b2013 cr a|||| |||| 00| 0 spa d | ||
| 040 | |c cru CEDI | ||
| 090 | |a TFG 7039 | ||
| 100 | |9 554 |a Martín Puscar, Federico | ||
| 245 | |a Análisis funcional y geométrico de la sección de la Ruta Nacional 27, carretera San José - Caldera, entre los cruces de Santa Ana y Guachipelín | ||
| 260 | |a [San José], Costa Rica |c 2013 | ||
| 500 | |a Proyecto de graduación (licenciatura en ingeniería civil)--Universidad de Costa Rica. Facultad de Ingeniería. Escuela de Ingeniería Civil | ||
| 650 | |x CARRETERA SAN JOSE-CALDERA - MANTENIMIENTO Y REPARACION |x CARRETERA SAN JOSE-CALDERA - DISEÑO Y CONSTRUCCION |x CAMINOS - INTERCAMBIOS E INTERSECCIONES - SANTA ANA (SAN JOSE, COSTA RICA) |x CAMINOS - INTERCAMBIOS E INTERSECCIONES - GUACHIPELIN (SAN JOSE, COSTA RICA) |x FLUJO DE TRAFICO |x PEATONES - MEDIDAS DE SEGURIDAD |x ACCIDENTES DE TRANSITO - PREVENCION |x SEGURIDAD VIAL |9 555 | ||
| 942 | |c TFG | ||
| 999 | |c 13745 |d 13745 | ||
